SPSS update 7 - 9: new procedures and facilities for releases 7 - 9

Saved in:
Bibliographic Details
Main Authors: Hull, C. Hadlai (Author), Nie, Norman H. (Author)
Format: Book
Language:English
Published: Nueva York McGraw-Hill 1981
Subjects:
Tags: Add Tag
No Tags, Be the first to tag this record!

MARC

LEADER 00000nam a2200000 a 4500
001 UCT0730
003 CL-VaPUC
008 960905e19810000US |||||||||||||||||eng|d
082 0 4 |a 005.3  |b HUL  |2 21 
100 |a Hull, C. Hadlai  |e author  |9 369168 
700 |a Nie, Norman H.  |e author  |9 369169 
245 1 0 |a SPSS update 7 - 9: new procedures and facilities for releases 7 - 9 
300 |a 402 p 
942 |c BK 
945 |d 19960905 00:00:00  |a cmena 
260 |a Nueva York  |b McGraw-Hill  |c 1981 
650 7 |a PROGRAMAS DE COMPUTADOR  |2 CL-VaPUC  |9 262390 
650 0 |a Computadores  |9 258188 
650 0 |a Análisis de varianza   |9 336938 
650 0 |a Varianza  |9 358282 
650 7 |a HARDWARE  |2 CL-VaPUC  |9 345461 
650 0 |a Software  |9 387312 
583 |a last modification  |c 19960905 00:00:00  |k Rodrigo Vera 
999 |c 251456  |d 251454